<?xml version="1.0" encoding="UTF-8"?>
<record
    xmlns:xsi="http://www.w3.org/2001/XMLSchema-instance"
    xsi:schemaLocation="http://www.loc.gov/MARC21/slim http://www.loc.gov/standards/marcxml/schema/MARC21slim.xsd"
    xmlns="http://www.loc.gov/MARC21/slim">

  <leader>00837nam a22001817a 4500</leader>
  <controlfield tag="001">10106</controlfield>
  <controlfield tag="003">FISKH</controlfield>
  <controlfield tag="005">20260408161403.0</controlfield>
  <controlfield tag="008">260408b        cb ||||| |||| 00| 0 eng d</controlfield>
  <datafield tag="040" ind1=" " ind2=" ">
    <subfield code="a">FISKH</subfield>
    <subfield code="b">chi</subfield>
    <subfield code="c">FISKH</subfield>
    <subfield code="d">FISKH</subfield>
  </datafield>
  <datafield tag="082" ind1=" " ind2=" ">
    <subfield code="a">895.1</subfield>
  </datafield>
  <datafield tag="100" ind1=" " ind2=" ">
    <subfield code="a">&#x5BAB;&#x897F;&#x8FBE;&#x4E5F;</subfield>
  </datafield>
  <datafield tag="245" ind1=" " ind2=" ">
    <subfield code="a">&#x5C0F;&#x9F99;&#x67E5;&#x7406;&#x548C;&#x516C;&#x4E3B; /</subfield>
    <subfield code="c">By &#x5BAB;&#x897F;&#x8FBE;&#x4E5F;</subfield>
  </datafield>
  <datafield tag="300" ind1=" " ind2=" ">
    <subfield code="a">46 unnumbered pages : </subfield>
    <subfield code="b">color illustrations ; </subfield>
    <subfield code="c">38 cm . </subfield>
  </datafield>
  <datafield tag="520" ind1=" " ind2=" ">
    <subfield code="a">&#x300A;&#x5C0F;&#x9F99;&#x67E5;&#x7406;&#x548C;&#x516C;&#x4E3B;&#x300B;&#x8BB2;&#x8FF0;&#x4E86;&#x5C0F;&#x9F99;&#x67E5;&#x7406;&#x4E0E;&#x4E00;&#x4F4D;&#x516C;&#x4E3B;&#x4E4B;&#x95F4;&#x53D1;&#x751F;&#x7684;&#x6E29;&#x99A8;&#x6545;&#x4E8B;&#x3002;&#x67E5;&#x7406;&#x867D;&#x7136;&#x662F;&#x4E00;&#x53EA;&#x5C0F;&#x9F99;&#xFF0C;&#x4F46;&#x5185;&#x5FC3;&#x5584;&#x826F;&#x3001;&#x52C7;&#x6562;&#x3002;&#x5728;&#x4E0E;&#x516C;&#x4E3B;&#x7684;&#x76F8;&#x5904;&#x4E2D;&#xFF0C;&#x4ED6;&#x5B66;&#x4F1A;&#x4E86;&#x5173;&#x5FC3;&#x4ED6;&#x4EBA;&#x3001;&#x7406;&#x89E3;&#x53CB;&#x60C5;&#x7684;&#x91CD;&#x8981;&#x6027;&#xFF0C;&#x4E5F;&#x9010;&#x6E10;&#x53D8;&#x5F97;&#x66F4;&#x52A0;&#x81EA;&#x4FE1;&#x3002;

&#x6545;&#x4E8B;&#x901A;&#x8FC7;&#x7B80;&#x5355;&#x6709;&#x8DA3;&#x7684;&#x60C5;&#x8282;&#xFF0C;&#x4F20;&#x9012;&#x4E86;&#x5584;&#x826F;&#x3001;&#x52C7;&#x6C14;&#x4E0E;&#x53CB;&#x8C0A;&#x7684;&#x4E3B;&#x9898;&#xFF0C;&#x975E;&#x5E38;&#x9002;&#x5408;&#x513F;&#x7AE5;&#x9605;&#x8BFB;&#x3002;</subfield>
  </datafield>
  <datafield tag="942" ind1=" " ind2=" ">
    <subfield code="2">ddc</subfield>
    <subfield code="c">BOOK</subfield>
    <subfield code="n">0</subfield>
  </datafield>
  <datafield tag="999" ind1=" " ind2=" ">
    <subfield code="c">10106</subfield>
    <subfield code="d">10106</subfield>
  </datafield>
  <datafield tag="952" ind1=" " ind2=" ">
    <subfield code="0">0</subfield>
    <subfield code="1">0</subfield>
    <subfield code="2">ddc</subfield>
    <subfield code="4">0</subfield>
    <subfield code="7">0</subfield>
    <subfield code="8">REF</subfield>
    <subfield code="a">002</subfield>
    <subfield code="b">002</subfield>
    <subfield code="c">LSHTTP</subfield>
    <subfield code="d">2026-04-08</subfield>
    <subfield code="l">0</subfield>
    <subfield code="o">&#x5BAB;&#x897F;&#x8FBE;&#x4E5F; 895.1</subfield>
    <subfield code="p">2026-0478</subfield>
    <subfield code="r">2026-04-08 16:13:59</subfield>
    <subfield code="w">2026-04-08</subfield>
    <subfield code="y">BOOK</subfield>
  </datafield>
</record>
